000
00226 a2200097 4500
001
47899
100
_a
Snyder L L
245
_a
The World in the Twentieth Century
260
_a
London
_b
Van Nostrand
_c
090
_c
30894
_d
30894
942
_a
NUST-CAE
_c
M
_c
23218
999
_c
282972
_d
282972